[Event "44th Open Sitges 2018"]
[Site "Sitges"]
[Date "2018.07.22"]
[Round "2"]
[White "Fernandez Cardoso, Alexey"]
[Black "Glimbrant, Torbjorn"]
[Result "1/2-1/2"]
[WhiteElo "2439"]
[BlackElo "2213"]
[Annotator "TA"]
[PlyCount "122"]
[EventDate "2018.07.22"]
[EventType "swiss"]
[EventCountry "ESP"]
[SourceTitle "playchess.com"]
[Source "ChessBase"]
[SourceQuality "1"]

{[%evp 16,122,0,0,0,0,8,-38,-26,-40,0,0,2,-32,0,-15,15,17,10,7,52,31,47,23,23,23,25,24,25,23,29,28,35,23,32,23,23,23,23,23,23,23,33,27,43,0,0,0,12,7,12,6,37,38,63,34,106,43,42,55,57,52,91,77,87,0,0,0,33,37,40,4,48,0,0,0,0,6,7,0,14,0,0,0,0,0,0,0,0,0,0,0,0,0,0,0,0,0,0,0,0,0,0,0,0,0,0,0,0]} 1. e4 e6 2. d4 d5 3. Nd2 c5 4. Ngf3 a6 5. dxc5 Bxc5 6. Bd3 Nc6 7. a3 Nf6 {C07: Französische Verteidigung (Tarrasch-Variante)} 8. Qe2 O-O 9. O-O {LiveBook: 18 Partien} h6 10. e5 Nd7 $1 11. Nb3 Ba7 12. c4 $146 ({Vorgänger:} 12. Bf4 b5 13. Rae1 Bb7 14. c3 f5 15. h4 {½-½ (27) Naroditsky,D (2403)-Shulman,Y (2636) ICC INT 2010}) 12... f6 13. exf6 $1 Qxf6 14. Bd2 Nde5 15. Nxe5 $1 Qxe5 (15... Nxe5 {looks sharper.} 16. Bc3 d4 17. Bb4 Nxd3 18. Qxd3 Rd8) 16. Bc3 Qxe2 17. Bxe2 d4 18. Bb4 $1 {[%cal Rb4f8]} Rd8 19. Rfd1 e5 20. Bd3 Bb6 21. Be1 a5 22. Nd2 a4 23. f3 Be6 24. Bg3 Bf7 25. Rac1 Bc5 26. Re1 Re8 27. Re2 Ra6 28. Ne4 Bf8 29. c5 Raa8 30. Bc4 Bxc4 31. Rxc4 Red8 32. Nf2 d3 33. Rd2 $36 {[%mdl 2048] Weiss kämpft um Vorteil.} Rd5 (33... Na5 $5 {[%cal Ra5c4]} 34. Rc3 (34. Rxa4 Bxc5 35. Kf1 b5 $11) 34... Nb3 35. Rdxd3 Bxc5 $14) 34. Ne4 Rad8 35. Bf2 Nd4 ({Besser ist} 35... Na5 $1 $14 36. Rxa4 Nb3) 36. Bxd4 ({Natürlich nicht} 36. Rxa4 $6 Nb3 $11) (36. Kf1 $16) 36... Rxd4 $14 37. Rc3 Be7 38. Kf2 R8d5 39. g3 Bd8 40. c6 (40. Rd1 $16) 40... bxc6 $1 $11 41. Rxc6 Ba5 42. Nc3 Rd7 43. h4 Kh7 44. Kg2 Rb7 {Die Stellung ist ausgeglichen.} 45. Rc5 Rxb2 46. Rxb2 Bxc3 $1 {[%mdl 4096] Endspiel KTT-KTL} 47. Rb1 Bb2 48. Rxb2 d2 49. Rb1 {[#] Und weiter mit Td1 wäre nett.} d1=Q 50. Rxd1 Rxd1 51. Rxe5 {zielt auf Te4 ab. KT-KT} Rd3 52. h5 Rxa3 53. f4 Rb3 54. Ra5 a3 55. Kh3 Kg8 56. Ra7 Rc3 57. Kh4 Rf3 58. Ra4 Kf7 59. g4 {[%cal Bg3g4,Bg4g5,Bg5g6][%mdl 32] [#]} a2 $1 {[%mdl 512]} 60. g5 (60. Rxa2 Rxf4) 60... a1=Q {( -> ...Dh1+)} 61. g6+ Kf6 {Precision: Weiß = 62%, Schwarz = 64%.} 1/2-1/2

[Event "44th Open Sitges 2018"]
[Site "Sitges"]
[Date "2018.07.22"]
[Round "2"]
[White "Fernandez Diaz, Cristian"]
[Black "Volkov, Sergey"]
[Result "1/2-1/2"]
[WhiteElo "2242"]
[BlackElo "2574"]
[Annotator "TA"]
[PlyCount "107"]
[EventDate "2018.07.22"]
[EventType "swiss"]
[EventCountry "ESP"]
[SourceTitle "playchess.com"]
[Source "ChessBase"]
[SourceQuality "1"]

{[%evp 13,107,26,45,23,25,-1,9,13,2,2,26,25,20,30,16,14,44,6,17,8,25,21,14,21,27,24,35,33,41,11,16,14,43,44,56,16,33,0,0,-2,8,-16,12,7,14,16,9,2,35,40,34,5,4,0,25,33,51,8,50,50,50,39,50,50,49,38,43,45,46,50,78,103,179,135,133,130,132,121,133,89,88,0,124,64,82,78,215,97,99,0,231,0,107,0,230,199]} 1. d4 d5 2. Nf3 c5 3. dxc5 e6 4. e4 Bxc5 5. exd5 exd5 6. Bd3 Ne7 7. O-O Nbc6 {LiveBook: 7 Partien. C01: Französische Verteidigung (Abtauschvariante)} (7... O-O 8. Nbd2 Nbc6 9. Nb3 Bd6 10. h3 h6 11. c3 Nf5 {½-½ (11) Grimm,D (2332)-Lalic,B (2436) Budapest 2016}) 8. h3 O-O 9. Nbd2 Qd6 $146 {Die Stellung ist ausgeglichen.} ({Vorgänger:} 9... Nb4 10. Nb3 Nxd3 11. Qxd3 Bf5 12. Qb5 Bb6 13. Nbd4 Be4 14. Bf4 Ng6 15. Bg3 Qf6 16. Rfd1 Nf4 17. Qd7 Nxg2 18. Qg4 h5 19. Qg5 Bxd4 20. Rxd4 Qxf3 {0-1 (20) Calton,B-Gross,R (2215) Los Angeles 1991}) 10. Nb3 Bb6 11. Re1 {[#]} Bxh3 $1 {[%mdl 512]} 12. gxh3 Qg3+ $1 13. Kh1 Bxf2 14. Rf1 Qxh3+ 15. Nh2 Bg3 {[%csl Gg3][%cal Rh3h2]} 16. Qe2 Ne5 17. Bf4 Nxd3 18. Bxg3 Qxg3 19. cxd3 Nc6 20. Rae1 Rad8 21. Rf3 Qh4 22. Qf1 g6 23. Rh3 Qb4 24. Rhe3 a5 {[%cal Ba7a5,Ba5a4][%mdl 32]} 25. Qf6 Rd6 26. Qc3 Qh4 {zielt auf ...d4 ab.} 27. d4 a4 28. Nc5 Qxd4 ({Natürlich nicht} 28... Nxd4 $6 29. Rh3 $16) 29. Nxb7 Rf6 30. Nc5 {Droht stark Sd7.} Qxc3 (30... Rf4 {feels hotter.} 31. Qxd4 Nxd4 32. Re5 Rh4 33. Kg2 f6) 31. Rxc3 {Schwarz muss nun Sd7 beachten.} Ra8 32. Nd7 Rd6 33. Nc5 d4 34. Rc4 a3 35. b4 Rb8 36. Nd3 Na7 37. Re5 Nb5 38. Nf3 Kg7 39. Kg2 h6 40. Re4 {[%cal Rf3d4]} Rbd8 ({Vergiftet wäre} 40... Nc3 $2 41. Rexd4 Nb5 42. Rxd6 $18) 41. Re7 Rf6 42. Nfe5 $36 {[%mdl 2048] Schwarz muss aufpassen.} Kf8 (42... Rf5 $16) 43. Rb7 Nd6 44. Rc6 $1 Rf5 45. Ra7 $1 Rg5+ 46. Kf3 Rf5+ 47. Kg2 Rg5+ $1 48. Kf1 ({Lieber} 48. Kh3 $16) 48... Rf5+ $14 49. Ke1 Nb5 (49... h5 $16 {kämpft weiter.}) 50. Rb7 (50. Ra5 $1 $18 {[%cal Ra5b5] ist der präzise Gewinnweg.} Nc3 51. b5) 50... Nd6 $16 51. Ra7 (51. Rd7 $1 $16 {[%cal Rd7d8]} Rxd7 52. Nxd7+ Ke7 53. N7e5) 51... Nb5 $1 $18 {[%cal Rb5a7]} 52. Rb7 (52. Ra5 $1 $18 {[%cal Ra5b5]} Nc3 53. b5) 52... Nd6 $1 $16 {[%cal Rd6b7] [#]} 53. Ra7 (53. Rd7 $1 $16 {[%cal Rd7d8]} Rxd7 54. Nxd7+ Ke7 55. N7e5) 53... Nb5 $1 $18 {[%cal Rb5a7] [#]} 54. Ra5 $1 {Precision: Weiß = 56%, Schwarz = 57%.} 1/2-1/2

[Event "44th Open Sitges 2018"]
[Site "Sitges"]
[Date "2018.07.22"]
[Round "2"]
[White "Larsson, Anders"]
[Black "Oliva Castaneda, Kevel"]
[Result "1/2-1/2"]
[WhiteElo "2225"]
[BlackElo "2491"]
[Annotator "TA"]
[PlyCount "55"]
[EventDate "2018.07.22"]
[EventType "swiss"]
[EventCountry "ESP"]
[SourceTitle "playchess.com"]
[Source "ChessBase"]
[SourceQuality "1"]

{[%evp 23,55,0,0,0,44,18,43,15,44,29,52,44,37,40,42,48,50,46,38,59,50,39,58,71,125,68,85,0,103,0,82,0,102,0]} 1. d4 d6 2. e4 Nf6 3. Nc3 g6 4. Nf3 Bg7 5. h3 O-O 6. Be3 c6 7. a4 Nbd7 8. a5 e5 9. dxe5 dxe5 10. Bc4 {B08: Pirc-Ufimzew-Verteidigung} (10. Qd6 Ne8 11. Qa3 Bf6 12. Rd1 Qe7 13. Qa2 Nc5 14. Bc4 Nc7 15. Qa3 Nd7 16. Qxe7 Bxe7 17. Bh6 Re8 18. Ng5 Bxg5 19. Bxg5 {1-0 (76) Artemiev,V (2691)-Mchedlishvili,M (2603) Riadh 2017}) 10... Qe7 11. O-O Nc5 12. Nd2 Rd8 {LiveBook: 3 Partien} 13. Qc1 Bd7 $146 ({Vorgänger:} 13... Ne6 14. Ne2 Nh5 15. c3 Nef4 16. Bxf4 exf4 {½-½ (50) Roevekamp,F (2325)-Markmann,U Germany 1983}) 14. Re1 Be8 15. f3 Ne6 16. Nb3 Nh5 17. Bxe6 Qxe6 18. Rd1 Rxd1+ 19. Qxd1 Nf4 20. Qf1 Qd6 21. Rd1 Qb8 22. Na4 Ne6 23. Qf2 f5 {[#]} ({Lieber} 23... Nf4) 24. Nac5 (24. Nbc5 $1 $16 {[%cal Rc5e6]} Nxc5 25. Bxc5 (25. Nxc5 f4 $11)) 24... Nf8 25. Na4 Ne6 26. Nac5 Nf8 $1 27. Na4 Ne6 28. Nac5 {Precision: Weiß = 51%, Schwarz = 60%.} (28. Nbc5 $16 Nxc5 29. Bxc5 (29. Nxc5 f4 $11)) 1/2-1/2

[Event "44th Open Sitges 2018"]
[Site "Sitges"]
[Date "2018.07.22"]
[Round "2"]
[White "Manafov, Vugar"]
[Black "Aguero Jimenez, Luis Lazaro"]
[Result "1/2-1/2"]
[WhiteElo "2215"]
[BlackElo "2473"]
[Annotator "TA"]
[PlyCount "96"]
[EventDate "2018.07.22"]
[EventType "swiss"]
[EventCountry "ESP"]
[SourceTitle "playchess.com"]
[Source "ChessBase"]
[SourceQuality "1"]

{[%evp 11,96,4,12,-19,-9,-37,-42,-45,-48,-24,-18,-23,-25,-11,-17,-26,0,0,0,0,40,-4,0,0,0,0,22,0,31,6,8,0,0,0,0,0,0,0,68,61,61,61,58,0,66,58,54,18,48,37,45,38,126,121,137,130,135,29,241,113,127,25,48,7,1,0,0,0,0,0,77,0,170,0,191,0,0,-8,-8,-8,0,0,0,0,0,0,0]} 1. Nf3 d5 2. g3 g6 3. Bg2 Bg7 4. O-O e5 5. d3 Ne7 6. e4 d4 {LiveBook: 19 Games} 7. Nbd2 {A07: Réti Opening: New York and Capablanca Systems} (7. c3 dxc3 8. bxc3 O-O 9. Na3 c5 10. Be3 b6 11. d4 Ba6 12. Re1 exd4 13. cxd4 cxd4 14. Bxd4 Nbc6 15. Bxg7 Qxd1 16. Raxd1 Kxg7 {½-½ (45) Johansson,L (2457)-Morozevich,A (2665) Malmo 2018}) 7... Nbc6 8. Nh4 g5 $146 ({Predecessor:} 8... O-O 9. f4 f5 10. a3 a5 11. Rb1 Kh8 12. b4 axb4 13. axb4 exf4 14. gxf4 fxe4 15. dxe4 Nxb4 16. Rxb4 {1-0 (22) Tsanas,A-Mihailidis,A (2070) Kavala 1999}) 9. Nhf3 {Black is slightly better.} Ng6 10. Nc4 h6 11. c3 $1 Bg4 12. cxd4 exd4 13. Qc2 Qe7 14. a3 a5 15. Ne1 h5 16. f4 {And now f5 would win.} gxf4 17. gxf4 Nh4 18. f5 Nxg2 19. Nxg2 Bh3 20. Rf3 Bxg2 $1 21. Qxg2 O-O-O 22. Bf4 (22. Qxg7 $2 Rhg8 $19) 22... Be5 23. Nxe5 Nxe5 24. Rg3 Rde8 ({Better is} 24... h4 $11 25. Rg7 Rde8) 25. Rc1 c6 26. Bxe5 Qxe5 27. Rg7 ({White should try} 27. Kh1 $14) 27... Qf4 (27... Qxg7 $1 $11 28. Qxg7 Reg8) 28. Re1 h4 29. h3 Qe5 {Threatening ...Qxg7.} 30. Kh1 $36 {[%mdl 2048] Black is under pressure.} Re7 31. Rg1 Qf4 (31... Kc7 $14) 32. Qg4 $1 $16 {[%cal Rg4f4]} Qxg4 33. hxg4 {[%mdl 4096] Endgame KRR-KRR} ({Resist} 33. R7xg4 $6 c5 $14) 33... c5 34. a4 (34. g5 $16) 34... Kc7 $2 (34... c4 $1 $11) 35. f6 (35. g5 $18) 35... Rd7 36. e5 (36. Rg5 $16) 36... Re8 $11 37. Re1 {[#] Threatens to win with g5.} c4 $1 {[%mdl 512]} 38. Rc1 (38. dxc4 d3) 38... Rxe5 39. Rxc4+ Kb6 40. g5 {aiming for g6.} Rf5 (40... Rdd5 $11) 41. Kh2 (41. Rc2 $1 $16) 41... Rf3 $2 {[#]} (41... Rdd5 $1 $11 {and Black is okay.}) 42. b3 $2 (42. Rc2 $1 $18) 42... h3 $2 {[#]} ({Reject} 42... Rxd3 $6 43. g6 $16) (42... Rd5 $11 {and Black stays safe.}) 43. Rc2 $2 ({White has to play} 43. Rc1 $1 $18) 43... Rd5 {The position is equal.} 44. Rxf7 Rxg5 45. Rd7 $1 Rxf6 46. Rcc7 Rf3 47. Rxb7+ Ka6 {( -> ...Rg2+)} 48. Ra7+ Kb6 {Precision: White = 41%, Black = 50%.} 1/2-1/2

[Event "44th Open Sitges 2018"]
[Site "Sitges"]
[Date "2018.07.22"]
[Round "2"]
[White "Harikrishnan A Ra"]
[Black "Pulvett Marin, Daniel Eduardo"]
[Result "1/2-1/2"]
[WhiteElo "2204"]
[BlackElo "2458"]
[Annotator "TA"]
[PlyCount "38"]
[EventDate "2018.07.22"]
[EventType "swiss"]
[EventCountry "ESP"]
[SourceTitle "playchess.com"]
[Source "ChessBase"]
[SourceQuality "1"]

{[%evp 18,38,36,25,31,20,54,50,36,0,2,1,16,18,15,10,10,6,0,0,3,0,7]} 1. e4 c5 2. Nf3 d6 3. Bb5+ Nc6 4. O-O Bd7 5. Re1 Nf6 6. c3 a6 {B51: Sicilian: Moscow Variation (3 Bb5+) without 3...Bd7} 7. Bc4 (7. Bf1 Bg4 8. h3 Bxf3 9. Qxf3 g6 10. Na3 Bg7 11. Nc2 Nd7 12. Qd1 O-O 13. b3 Rc8 14. d4 cxd4 15. cxd4 Qb6 16. Be3 Nb4 17. Nxb4 Qxb4 {0-1 (60) Fedoseev,V (2724)-Mamedov,R (2709) chess.com INT 2018}) 7... Bg4 8. d4 cxd4 9. cxd4 e5 10. Be3 {LiveBook: 3 Games} exd4 11. Bxd4 {[#] Threatens to win with Qb3.} Nxd4 $146 ({Predecessor:} 11... Bxf3 12. gxf3 Nxd4 13. Qxd4 Be7 14. e5 dxe5 15. Qxe5 {1-0 (60) Golubev,R (2379)-Yaksin,O (2385) Moscow 2018}) 12. Qxd4 {Hoping for e5.} Be7 13. e5 (13. Qe3 {is more complex.} O-O 14. Nc3 Nd7 15. Rad1 Bf6 16. Be2) 13... dxe5 {The position is equal.} 14. Qxd8+ Bxd8 15. Nxe5 O-O 16. Nxg4 Nxg4 17. h3 Nf6 18. Nc3 Rc8 19. Bb3 Re8 1/2-1/2

[Event "44th Open Sitges 2018"]
[Site "Sitges"]
[Date "2018.07.22"]
[Round "2"]
[White "Jimenez Ortiz, Gonzalo"]
[Black "Gris Mateos, Francisco"]
[Result "1-0"]
[WhiteElo "1949"]
[BlackElo "1710"]
[Annotator "NA RC"]
[PlyCount "139"]
[EventDate "2018.07.22"]
[EventType "swiss"]
[EventCountry "ESP"]
[SourceTitle "playchess.com"]
[Source "ChessBase"]
[SourceQuality "1"]
[TimeControl "40/5400+30:1800+30"]

1. e4 {[%emt 0:03:35]} Nf6 {[%emt 0:00:15]} 2. e5 {[%emt 0:00:48]} Nd5 {[%emt 0:00:07]} 3. d4 {[%emt 0:00:14]} d6 {[%emt 0:00:08]} 4. Nf3 {[%emt 0:00:40]} Bg4 {[%emt 0:02:32]} 5. Be2 {[%emt 0:01:14]} e6 {[%emt 0:01:16]} 6. O-O {[%emt 0:00:34]} Be7 {[%emt 0:19:02]} 7. c4 {[%emt 0:09:43]} Nb6 {[%emt 0:00:00]} 8. exd6 cxd6 {[%emt 0:00:00]} 9. Nc3 {[%emt 0:00:14]} O-O {[%emt 0:04:22]} 10. b3 {[%emt 0:04:50]} Nc6 {[%emt 0:07:59]} 11. Bb2 {[%emt 0:01:36] B05: Alekhine's Defence: 4 Nf3 Bg4} d5 {[%emt 0:13:20]} 12. c5 {[%emt 0:11:29]} Nc8 {[%emt 0:00:24]} 13. a3 {[%emt 0:05:29] [#]} a6 $146 {[%emt 0:02:31]} ({Predecessor:} 13... b6 14. b4 Bf6 15. Ne5 Bxe2 16. Nxc6 Bxd1 17. Nxd8 Bb3 18. Nc6 Ne7 19. Nxe7+ Bxe7 20. c6 Bc4 21. Rfe1 a6 22. Na4 Bd8 {0-1 (22) Yanayt,E (2253)-Yermolinsky,A (2549) Los Angeles 2005}) 14. b4 {[%emt 0:04:36]} Bf6 {[%emt 0:07:05]} 15. Nb1 {[%emt 0:03:06]} b6 {[%emt 0:01:40]} 16. Nbd2 {[%emt 0:03:15]} b5 {[%emt 0:05:35]} 17. Re1 {[%emt 0:05:07]} Qc7 {[%emt 0:02:57]} 18. Nf1 {[%emt 0:02:39]} N8e7 {[%emt 0:08:36]} 19. Ng3 {[%emt 0:01:57]} Nf5 {[%emt 0:04:46]} 20. Nxf5 {[%emt 0:01:01]} Bxf5 {[%emt 0:01:45]} 21. h3 {[%emt 0:05:36]} g5 {[%emt 0:05:36]} 22. Qd2 {[%emt 0:10:49]} g4 {[%emt 0:04:51]} 23. hxg4 {[%emt 0:01:15]} Bxg4 {[%emt 0:00:37]} 24. Nh2 {[%emt 0:02:12]} Bf5 {[%emt 0:02:28]} 25. Ng4 {[%emt 0:01:38]} Bg7 {[%emt 0:02:05]} 26. Nh6+ {[%emt 0:03:50]} Bxh6 {[%emt 0:02:40]} 27. Qxh6 {[%emt 0:00:05]} f6 {[%emt 0:05:08]} 28. Bf3 {[%emt 0:02:33]} Qg7 {[%emt 0:01:48]} 29. Qxg7+ {[%emt 0:00:45]} Kxg7 {[%emt 0:01:06]} 30. g4 {[%emt 0:00:25]} Be4 {[%emt 0:02:33]} 31. Bxe4 {[%emt 0:00:58]} dxe4 {[%emt 0:00:26]} 32. Rxe4 {[%emt 0:00:32]} Kf7 {[%emt 0:00:17]} 33. Kg2 {[%emt 0:04:22]} Rg8 {[%emt 0:00:57]} 34. Kf3 {[%emt 0:00:32]} Rae8 {[%emt 0:01:34]} 35. Bc3 {[%emt 0:01:31]} Ne7 {[%emt 0:00:39]} 36. a4 {[%emt 0:01:29]} Nd5 {[%emt 0:00:14]} 37. Bd2 {[%emt 0:00:16]} f5 {[%emt 0:05:06]} 38. gxf5 {[%emt 0:00:12]} exf5 {[%emt 0:00:18]} 39. Rxe8 {[%emt 0:00:36]} Rxe8 {[%emt 0:00:11]} 40. axb5 {[%emt 0:01:49]} axb5 {[%emt 0:00:17]} 41. Ra5 {[%emt 0:11:01]} Re4 {[%emt 0:01:11]} 42. Be3 {[%emt 0:02:26]} Nxb4 {[%emt 0:03:58]} 43. Rxb5 {[%emt 0:00:52]} Nc6 {[%emt 0:04:11]} 44. Rb7+ {[%emt 0:02:28]} Kg8 {[%emt 0:00:16]} 45. Rd7 {[%emt 0:06:01]} h5 {[%emt 0:04:08]} 46. Rd6 {[%emt 0:02:13]} Ne7 {[%emt 0:04:37]} 47. c6 {[%emt 0:02:42]} Kf7 {[%emt 0:01:39]} 48. c7 {[%emt 0:02:12]} Nc8 {[%emt 0:01:44]} 49. Rd8 {[%emt 0:00:23]} Re8 {[%emt 0:00:28]} 50. Rxe8 {[%emt 0:01:46]} Kxe8 {[%emt 0:01:00]} 51. Bf4 {[%emt 0:01:04]} Kd7 {[%emt 0:01:01]} 52. d5 {[%emt 0:01:42]} Nb6 {[%emt 0:00:25]} 53. d6 {[%emt 0:00:16]} Nd5 {[%emt 0:03:22]} 54. Be5 {[%emt 0:00:25]} Nb6 {[%emt 0:00:25]} 55. Kg3 {[%emt 0:00:38]} Ke6 {[%emt 0:00:15]} 56. Kh4 {[%emt 0:00:37]} Kd7 {[%emt 0:01:08]} 57. Kxh5 {[%emt 0:00:14]} Nc4 {[%emt 0:00:30]} 58. Bf4 {[%emt 0:00:14]} Nb6 {[%emt 0:00:48]} 59. Kg5 {[%emt 0:00:30]} Ke6 {[%emt 0:00:04]} 60. Kh4 {[%emt 0:00:59]} Kd7 {[%emt 0:00:33]} 61. Kg3 {[%emt 0:00:10]} Nd5 {[%emt 0:00:38]} 62. Kf3 {[%emt 0:00:31]} Nb6 {[%emt 0:02:16]} 63. Ke2 {[%emt 0:00:17]} Nd5 {[%emt 0:00:22]} 64. Be5 {[%emt 0:00:22]} Nb6 {[%emt 0:00:20]} 65. Kd3 {[%emt 0:00:19]} Kc6 {[%emt 0:01:19]} 66. Kd4 {[%emt 0:00:43]} Nc8 {[%emt 0:00:08]} 67. Bf4 {[%emt 0:00:47]} Kd7 {[%emt 0:00:33]} 68. Kc5 {[%emt 0:00:54]} Na7 $18 {[%emt 0:01:34]} 69. Kb6 {[%emt 0:00:38]} Nc8+ {[%emt 0:00:02]} 70. Kb7 {[%emt 0:00:23]} 1-0

[Event "44th Open Sitges 2018"]
[Site "Sitges"]
[Date "2018.07.23"]
[Round "3"]
[White "Volkov, Sergey"]
[Black "Larsson, Anders"]
[Result "1-0"]
[WhiteElo "2574"]
[BlackElo "2225"]
[Annotator "TA"]
[PlyCount "57"]
[EventDate "2018.07.22"]
[EventType "swiss"]
[EventCountry "ESP"]
[SourceTitle "playchess.com"]
[Source "ChessBase"]
[SourceQuality "1"]

{[%evp 14,57,16,7,43,33,37,29,33,40,45,28,39,22,22,4,83,87,77,86,73,48,79,79,126,102,108,114,382,379,511,407,407,418,404,402,516,513,495,401,411,410,706,685,656,647]} 1. d4 e6 2. c4 Bb4+ 3. Nd2 d5 4. Ngf3 Nf6 5. a3 Be7 6. e3 {[%cal Be2e3,Be3e4][%mdl 32]} O-O 7. Bd3 Nbd7 8. b4 {LiveBook: 3 Games. E11: Bogo-Indian} dxc4 $146 ({Predecessor:} 8... a5 9. Rb1 b6 10. O-O c5 11. bxc5 bxc5 12. Qe2 Ba6 13. Bb2 cxd4 14. exd4 dxc4 15. Bxc4 Bxc4 16. Nxc4 {0-1 (41) Dambacher,M (2485)-Stocek,J (2578) Kallithea 2008}) 9. Nxc4 b6 $1 10. e4 {White is slightly better.} Bb7 11. e5 Nd5 12. h4 h6 13. Rh3 {And now Bxh6! would win.} f5 $1 14. exf6 Bxf6 (14... Rxf6 $11 15. Qe2 Nc3) 15. Qe2 $16 Rf7 {[#]} 16. Qe4 $1 $36 {[%cal Re4h7][%mdl 2048] White is on the roll.} Nf8 {White must now prevent ...Nxb4!} 17. Nce5 (17. Nfe5 {feels hotter.} Re7 18. Qg4 Bxe5 19. dxe5 Rf7 20. Bxh6 Nf6 21. Qe2) 17... Bxe5 18. Nxe5 Nf4 19. Qxb7 Qxd4 20. Nxf7 Qxa1 $4 {[%mdl 8192] [#]} (20... Qc3+ $16 {keeps fighting.} 21. Kf1 Nxh3 22. gxh3 Qxd3+ 23. Kg2 Re8) 21. Nxh6+ $1 $18 {[%mdl 512]} Kh8 {[%cal Ra1c1]} (21... gxh6 22. Rg3+) 22. Nf7+ Kg8 {[%cal Ra1c1]} 23. Qxc7 Nxh3 24. gxh3 Qd4 25. Ne5 {Intending Qf7+ and mate.} Nd7 26. Qxd7 {Qf7+ would kill now.} Qxe5+ 27. Be3 a5 (27... Qd5 $142 28. Qxd5 exd5) 28. b5 Rf8 29. Qc6 {Precision: White = 62%, Black = 38%.} 1-0

[Event "44th Open Sitges 2018"]
[Site "Sitges"]
[Date "2018.07.23"]
[Round "3"]
[White "Argandona Riveiro, Inigo"]
[Black "Nitish, Belurkar"]
[Result "1/2-1/2"]
[WhiteElo "2423"]
[BlackElo "2306"]
[Annotator "TA"]
[PlyCount "87"]
[EventDate "2018.07.22"]
[EventType "swiss"]
[EventCountry "ESP"]
[SourceTitle "playchess.com"]
[Source "ChessBase"]
[SourceQuality "1"]

{[%evp 16,87,42,37,37,33,36,36,43,33,33,10,32,33,69,65,69,42,62,56,60,65,54,32,29,22,44,52,69,71,68,79,101,91,94,87,185,177,187,184,209,200,290,135,249,103,108,89,103,112,111,17,17,17,17,17,17,0,0,-89,-89,-89,-89,-89,-64,-89,-25,-25,-25,-25,-14,-314,-314,-314]} 1. e4 e6 2. d3 d5 3. Nd2 Nf6 4. Ngf3 Nc6 5. Be2 Be7 6. O-O O-O 7. c3 e5 8. b4 a6 9. a3 {LiveBook: 6 Games} Bg4 {C00: French: Unusual White 2nd moves} (9... Re8 10. Re1 Bf8 11. Bf1 h6 12. Bb2 Bg4 13. h3 Bh5 14. Qc2 dxe4 15. dxe4 Nd7 16. Nh2 Nb6 17. Nc4 Nxc4 18. Bxc4 {½-½ (43) Hansen,S (2543)-Malakhatko,V (2633) Germany 2008}) 10. Re1 Re8 11. h3 $146 ({Predecessor:} 11. Qc2 Bf8 12. Nf1 h6 13. Bb2 Bh5 14. Ng3 {½-½ (40) Hall,J (2476)-Lyrberg,P (2395) Sweden 1999}) 11... Bh5 {White is slightly better.} 12. Qc2 Bd6 13. Nf1 Bg6 {[%cal Rd5e4]} 14. Ng3 b5 15. Bf1 h6 16. Qb3 dxe4 17. dxe4 Nh5 18. Nxh5 Bxh5 19. g4 Bg6 20. a4 Qf6 21. axb5 axb5 22. Rxa8 Rxa8 23. Kg2 {Qd5 is the strong threat.} Nd8 24. Bxb5 Ne6 25. Bd7 Nf4+ (25... Ra1 $16) 26. Bxf4 $1 $18 Qxf4 27. Bf5 {Hoping for Bxg6.} Bxf5 28. gxf5 Ra6 (28... Rf8 $142 29. Qd5 Kh7) 29. Qb2 (29. b5 $18 {is more deadly.} Ra7 30. Qc4) 29... Rc6 (29... Bf8 $16 30. Qc1 Qxc1 31. Rxc1 f6) 30. Qc1 (30. Qa3 $18 {Strongly threatening Qa8+.} Kh7 31. Re3) 30... Qxc1 31. Rxc1 Bxb4 32. Nxe5 $16 {[%mdl 4096] Endgame KRB-KRN} Rc5 33. Nd7 (33. Rb1 $16 {And now Nd7 would win.} Rxe5 34. Rxb4) 33... Rxc3 $11 34. Rxc3 Bxc3 {KB-KN} 35. e5 c5 36. f4 c4 37. Nb6 {[#]} (37. Kf3 $11 {keeps the balance.}) 37... Bxe5 $1 $17 {[%mdl 512] Threatens to win with ...c3.} 38. Nxc4 ({Don't blunder} 38. fxe5 $2 c3 $19) 38... Bxf4 39. Kf3 Bc7 40. Kg4 g6 (40... Bd8 $17 41. Ne3 Kf8) 41. fxg6 $11 fxg6 42. Ne3 Kg7 {[#]} 43. Nf5+ $1 {[%mdl 8704]} gxf5+ $19 44. Kxf5 {[%mdl 32768] Precision: White = 46%, Black = 39%. . An unexpected result.} 1/2-1/2

[Event "44th Open Sitges 2018"]
[Site "Sitges"]
[Date "2018.07.23"]
[Round "3"]
[White "Beltran Rueda, Santiago"]
[Black "Kadam, Om Manish"]
[Result "1/2-1/2"]
[WhiteElo "2362"]
[BlackElo "1836"]
[Annotator "NA"]
[PlyCount "55"]
[EventDate "2018.07.22"]
[EventType "swiss"]
[EventCountry "ESP"]
[SourceTitle "playchess.com"]
[Source "ChessBase"]
[SourceQuality "1"]
[TimeControl "40/5400+30:1800+30"]

1. c4 {[%emt 0:00:01]} e6 {[%emt 0:01:18]} 2. Nf3 {[%emt 0:00:11]} Nf6 {[%emt 0:00:22]} 3. g3 {[%emt 0:00:14]} d5 {[%emt 0:00:05]} 4. d4 {[%emt 0:00:07]} Be7 {[%emt 0:00:06]} 5. Bg2 {[%emt 0:00:06]} O-O {[%emt 0:00:07]} 6. O-O {[%emt 0:00:06]} dxc4 {[%emt 0:00:11]} 7. Ne5 {[%emt 0:00:11]} Nc6 {[%emt 0:00:11]} 8. Bxc6 {[%emt 0:00:10]} bxc6 {[%emt 0:00:06]} 9. Nxc6 {[%emt 0:00:05]} Qe8 {[%emt 0:00:05]} 10. Nxe7+ {[%emt 0:00:05]} Qxe7 {[%emt 0:00:05]} 11. Qa4 {[%emt 0:00:05]} c5 {[%emt 0:06:28]} 12. Qxc4 {[%emt 0:00:38]} cxd4 {[%emt 0:00:08]} 13. Qxd4 {[%emt 0:00:05]} e5 {[%emt 0:03:02]} 14. Qh4 {[%emt 0:01:28]} Rb8 {[%emt 0:06:48]} 15. Nc3 {[%emt 0:08:25]} Rb4 {[%emt 0:01:31]} 16. e4 {[%emt 0:00:23]} Ba6 {[%emt 0:00:10]} 17. Bg5 {[%emt 0:04:33]} Qe6 {[%emt 0:07:57]} 18. Bxf6 {[%emt 0:00:46]} Qxf6 {[%emt 0:00:07]} 19. Qxf6 {[%emt 0:00:14]} gxf6 {[%emt 0:00:06]} 20. Rfd1 {[%emt 0:03:02]} Rxb2 {[%emt 0:14:23]} 21. Rd6 {[%emt 0:02:25]} Bc4 {[%emt 0:01:01]} 22. Rxf6 {[%emt 0:03:01]} Rd8 {[%emt 0:00:54]} 23. a4 {[%emt 0:08:58]} Be6 {[%emt 0:04:50]} 24. Nd5 {[%emt 0:10:42]} Kg7 {[%emt 0:09:39]} 25. Rf3 {[%emt 0:00:23]} Bxd5 {[%emt 0:00:05]} 26. exd5 {[%emt 0:00:07]} Rxd5 {[%emt 0:00:06]} 27. Rc1 {[%emt 0:09:20]} Rb7 {[%emt 0:01:14]} 28. Ra1 {[%emt 0:08:02]} 1/2-1/2